书目信息 |
| 题名: |
学生发展性评价的操作与案例
|
|
| 作者: | 王海芳 主编 | |
| 分册: | ||
| 出版信息: | 北京 中国轻工业出版社 2006 |
|
| 页数: | 266页 | |
| 开本: | 21cm | |
| 丛书名: | 中小学新课程教学问题探究和教师专业发展”系列丛书 | |
| 单 册: | ||
| 中图分类: | G632.3 , G632.0 | |
| 科图分类: | ||
| 主题词: | 基础教育--课程--教育评估--中国 , 课程 , 教育评估 , 基础教育 | |
| 电子资源: | ||
| ISBN: | 7-5019-5379-1 | |
| 000 | 01090nam0 2200313 450 | |
| 000 | 01070nam0 2200301 450 | |
| 000 | 01001nam0 2200277 450 | |
| 000 | 00965nam0 2200265 45 | |
| 005 | 20070727140918.12 | |
| 010 | @a7-5019-5379-1@dCNY12.00 | |
| 100 | @a20070707d2006 em y0chiy0120 ea | |
| 101 | 0 | @achi |
| 102 | @aCN@b110000 | |
| 105 | @ay z 000yy | |
| 200 | 1 | @a学生发展性评价的操作与案例@AXue Sheng Fa Zhan Xing Ping Jia De Cao Zuo Yu An Li@f王海芳主编@FWang Hai Fang Zhu Bian |
| 210 | @a北京@c中国轻工业出版社@d2006 | |
| 215 | @a266页@d21cm | |
| 225 | 2 | @a中小学新课程教学问题探究和教师专业发展”系列丛书 |
| 330 | @a 本书分为三大部分,分别对学生发展性评价解读、学生发展性评价方法、学生发展性评价工具饿相关内容介绍。 | |
| 410 | 0 | @12001 @a中小学新课程教学问题探究和教师专业发展”系列丛书 |
| 606 | 0 | @a基础教育@x课程@x教育评估@y中国 |
| 606 | 0 | @a课程 |
| 606 | 0 | @a教育评估 |
| 606 | 0 | @a基础教育 |
| 690 | @aG632.3@v4 | |
| 690 | @aG632.0@v3 | |
| 701 | 0 | @a王海芳@AWang Hai Fang@c(基础教育)@4主编 |
| 801 | 0 | @aCN@bTAOJIN@c20070727 |
| 905 | @a10447@dG632.0@e214 | |
| 学生发展性评价的操作与案例/王海芳主编.-北京:中国轻工业出版社,2006 |
| 266页;21cm.-(中小学新课程教学问题探究和教师专业发展”系列丛书) |
| ISBN 7-5019-5379-1:CNY12.00 |
| 本书分为三大部分,分别对学生发展性评价解读、学生发展性评价方法、学生发展性评价工具饿相关内容介绍。 |
| ● |
| 相关链接 |
|
|
|
|
正题名:学生发展性评价的操作与案例
索取号:G632.0/214
 
预约/预借
| 序号 | 登录号 | 条形码 | 馆藏地/架位号 | 状态 | 备注 |
| 1 | 0821025 | 208210256 | 第一样本阅览室/ [索取号:G632.0/214] | 在馆 | |
| 2 | 0821026 | 208210265 | 第四借阅区/ [索取号:G632.0/214] | 在馆 | |
| 3 | 0821027 | 208210274 | 第四借阅区/ [索取号:G632.0/214] | 在馆 | |
| 4 | 0821028 | 208210283 | 第四借阅区/ [索取号:G632.0/214] | 在馆 | |
| 5 | 0821029 | 208210292 | 第四借阅区/ [索取号:G632.0/214] | 在馆 |